The Numerical analysis problem solver / (Record no. 543923)
[ view plain ]
| 000 -LEADER | |
|---|---|
| fixed length control field | 00669nam a2200193 a 4500 |
| 020 ## - INTERNATIONAL STANDARD BOOK NUMBER | |
| International Standard Book Number | 0878915494 (pbk.) |
| 082 00 - DEWEY DECIMAL CLASSIFICATION NUMBER | |
| Classification number | 519.4 |
| Author Mark | NUM |
| -- | L-3, P-42 |
| 100 ## - MAIN ENTRY--PERSONAL NAME | |
| Personal name | Fogiel, M. |
| 9 (RLIN) | 8629 |
| 245 04 - TITLE STATEMENT | |
| Title | The Numerical analysis problem solver / |
| Statement of responsibility, etc. | staff of Research and Education Association, M. Fogiel, director. |
| 260 ## - PUBLICATION, DISTRIBUTION, ETC. | |
| Place of publication, distribution, etc. | New York, N.Y. : |
| Name of publisher, distributor, etc. | REA, |
| Date of publication, distribution, etc. | c1983. |
| 300 ## - PHYSICAL DESCRIPTION | |
| Extent | xii, 883 p. : |
| Other physical details | ill. ; |
| Dimensions | 26 cm. |
| 500 ## - GENERAL NOTE | |
| General note | Includes index. |
| 526 ## - STUDY PROGRAM INFORMATION NOTE | |
| Program name | 0 |
| Interest level | 0 |
| Reading level | 0 |
| Title point value | 519_400000000000000_NUM |
| 650 #0 - SUBJECT ADDED ENTRY--TOPICAL TERM | |
| Topical term or geographic name entry element | MCE |
| 9 (RLIN) | 379 |
| 650 #0 - SUBJECT ADDED ENTRY--TOPICAL TERM | |
| Topical term or geographic name entry element | Numerical analysis |
| General subdivision | Problems, exercises, etc. |
| 9 (RLIN) | 39428 |
| 700 1# - ADDED ENTRY--PERSONAL NAME | |
| Personal name | Fogiel, M. |
| 9 (RLIN) | 8629 |
| 710 2# - ADDED ENTRY--CORPORATE NAME | |
| Corporate name or jurisdiction name as entry element | Research and Education Association. |
| 9 (RLIN) | 36439 |
| 942 ## - ADDED ENTRY ELEMENTS (KOHA) | |
| Source of classification or shelving scheme | |
| Koha item type | Book |
| Withdrawn status | Lost status | Source of classification or shelving scheme | Damaged status | Not for loan | Permanent Location | Current Location | Date acquired | Total Checkouts | Total Renewals | Full call number | Barcode | Date last seen | Date last checked out | Price effective from | Koha item type |
|---|---|---|---|---|---|---|---|---|---|---|---|---|---|---|---|
| Military College of Engineering (MCE) | Military College of Engineering (MCE) | 04/07/2014 | 5 | 2 | 519.4 NUM | MCE-25832 | 11/15/2019 | 10/22/2019 | 04/07/2014 | Book |
